Online Catalogue and eLibrary

Payanapadatha Pathaikal : (Record no. 4339)

MARC details
000 -LEADER
fixed length control field 00500nam a2200157Ia 4500
005 - DATE AND TIME OF LATEST TRANSACTION
control field 20250307011915.0
008 - FIXED-LENGTH DATA ELEMENTS--GENERAL INFORMATION
fixed length control field 240331s9999 xx 000 0 und d
082 ## - DDC Classification
Item Number - Author Mark LAK
DDC Edition Number 4541
Class No. 894.811
245 #0 - TITLE STATEMENT
Title Payanapadatha Pathaikal :
Remainder of title Kaadchi Vadiva Varalattu Payilarangil Penn Kalaijarkalin Pathivukal
260 ## - PUBLICATION, DISTRIBUTION, ETC.
Place of publication, distribution, etc. Mumbai,
Name of publisher, distributor, etc. Sparrow
Date of publication, distribution, etc. 2001
300 ## - PHYSICAL DESCRIPTION
Extent (e.g. Volumes, Pages etc.) 238 p.,
500 ## - GENERAL NOTE
General note Life and works of some famous female dancers.
700 ## - ADDED ENTRY--PERSONAL NAME
Personal name Srinivasan, A
Relator term (Role) Editor
700 ## - ADDED ENTRY--PERSONAL NAME
Personal name Sivasubramaniam, M
Relator term (Role) Editor
942 ## - Koha item type (Biblio)
Koha item type Books in Stacks (Lending)
Holdings
Lost status Damaged status Collection code Home library Current library Shelving location Date acquired Full call number Accession Number Item type
    Lending WERC Library WERC Library Social Science Cupboard 03/31/2024 894.811 LAK 4541 Books in Stacks (Lending)

© WERC Library